Riconosci il Pokémon - Quiz n°443 - Statistics

Statistiche generali
  • Questo quiz è stato fatto 2 volte
  • Il punteggio medio è 4 su 10
Statistiche sulle risposte
Indizio Risposta % Corretto
Tipo Acqua
100%
Abilità Nuotovelox; Idrovelo
100%
Stadio evoluzione Prima evoluzione
100%
Generazione Terza
100%
Altezza 1,70 m
0%
Peso 27,0 kg
0%
Sesso 50% ♂, 50% ♀
0%
Tasso di cattura 60 (14.8%)
0%
Pokémon Huntail
0%
Tasso di allevamento Irregolare
0%
Nessun quiz corrispondente trovato
Distribuzione punteggi
Percentuale di utenti per punteggio
Percentile per numero di risposta
I tuoi punteggi nel tempo
Non hai fatto questo quiz